Risultati Serie A 2023-2024 - 15ª giornata - Statistics

Statistiche generali
  • Questo quiz è stato fatto 6 volte
  • Il punteggio medio è 5 su 10
Statistiche sulle risposte
Hint Risposta % Corretto
Inter-Udinese 4-0
100%
Juventus-Napoli 1-0
83%
Salernitana-Bologna 1-2
83%
Atalanta-Milan 3-2
67%
Cagliari-Sassuolo 2-1
50%
Monza-Genoa 1-0
33%
Roma-Fiorentina 1-1
33%
Verona-Lazio 1-1
33%
Frosinone-Torino 0-0
17%
Empoli-Lecce 1-1
17%
Nessun quiz corrispondente trovato
Distribuzione punteggi
Percentuale di utenti per punteggio
Percentile per numero di risposta
I tuoi punteggi nel tempo
Non hai fatto questo quiz